000 00619nam a2200241Ia 4500
003 OSt
005 20220918174332.0
006 a|||||r|||| 00| 0
007 ta
008 220917b |||||||| |||| 00| 0 eng d
024 _a11,625
037 _cTextual
040 _aARTS
_cARTS
_beng
041 _2eng
_aeng
082 _a/\:34, K6
100 _aRama Charaka Yogi
_950011
245 0 _aHindu-yogi . science of breath
260 _aBombay
_bTaraporewala
_c1966
300 _a74p
_ccm.
650 _aSPIRITUALISM
942 _h/\:34, K6
_cTEXL
_2CC
999 _c152713
_d152713